Euroopan maantiedettä kirjaimittain - I - Statistics

Yleistilastot
  • Tätä visaa on pelattu 1 302 kertaa
  • Keskiarvotulos 11 / 20
Vastaustilastot
Vihje Vastaus % Oikein
Suomeen rajautuva meri Itämeri
100%
Kirjaimella I alkavat Euroopan valtiot Irlanti
94%
Kirjaimella I alkavat Euroopan valtiot Islanti
93%
Kirjaimella I alkavat Euroopan valtiot Italia
93%
Kirjaimella I alkavat Euroopan valtiot Itävalta
86%
Suomen pinta-alaltaan suurin kunta Inari
82%
Turkkilainen kaupunki Euroopan ja Aasian rajalla Istanbul
82%
Euroopan suurin saari Iso-Britannia
75%
Suurin yllä olevassa kunnassa sijaitseva taajama Ivalo
68%
Kylpylästään tunnettu Suomen kaupunki Ikaalinen
67%
Talviolympialaiset kahdesti järjestänyt kaupunki yllä olevassa Innsbruck
58%
Yksi Espanjalle kuuluvista Baleaarien saarista Ibiza
48%
Pietarin ympärillä oleva historiallinen alue, jossa puhuttiin suomensukuista kieltä Inkeri
43%
Kreetan suurin kaupunki Iraklion
26%
Skotlannin ylämaan "pääkaupunki" Inverness
22%
Ranskan alue, jossa Pariisi sijaitsee Île-de-France
16%
Joonianmeressä sijaitseva Kreikalle kuuluva saari, joka oli myyttisen Odysseuksen koti Ithaka
15%
Romanian kolmanneksi suurin kaupunki Iași
11%
Fynin ja Själlannin välissä sijaitseva salmi Iso-Belt
11%
Alankomaissa sijaitseva Zuiderzeesta padottu keinojärvi IJsselmeer
10%
Ehtoja vastaavia visoja ei löytynyt
Tulosjakauma
Jokaisen tuloksen saaneiden osuus
Persentiili vastausten määrän mukaan
Tuloshistoriasi
Et ole pelannut tätä visaa